| 000 | 00506nam a2200217Ia 4500 | ||
|---|---|---|---|
| 005 | 20250425162426.0 | ||
| 008 | 250425s9999 xx 000 0 und d | ||
| 020 | _a9701508424 | ||
| 041 | _aspa | ||
| 082 | _a502.12 | ||
| 100 | _aGIECK, KURT | ||
| 245 | 0 | _aMANUAL DE FORMULAS TECNICAS | |
| 250 | _a1A ED. | ||
| 260 | _aMEXICO | ||
| 260 |
_aMéxico _bALFAOMEGA _c2003 |
||
| 500 | _aINCLUYE 1 CD ROM | ||
| 650 | _aFORMULAS TECNICAS | ||
| 700 | _aGIECK, REINER | ||
| 942 | _c01 | ||
| 010 | _a72699 | ||
| 999 |
_c228949 _d228949 |
||